The general's daughter #1/ Nelson DeMille.
Available copies
- 1 of 2 copies available at LARL/NWRL Consortium.
Current holds
0 current holds with 2 total copies.
View other formats and editions
Show Only Available Copies
| Location | Call Number / Copy Notes | Barcode | Shelving Location | Status | Due Date |
|---|---|---|---|---|---|
| Greenbush Public Library | DEM (Text) | 35500002263133 | Main | Available | - |
| Roseau Public Library | DEM (Text) | 35500001129335 | Main | Checked out | 06/02/2026 |
Record details
- ISBN: 0446513067 :
- Physical Description: 454 p. ; 24 cm.
- Publisher: New York : Warner Books, c1992.
Search for related items by subject
| Subject: | United States. Army > Fiction. Women soldiers > Fiction. |
Search for related items by series
| LDR | 01395cam a2200313Ia 4500 | ||
|---|---|---|---|
| 001 | 11129 | ||
| 003 | LARL_NWRL_CONSORTIUM | ||
| 005 | 19921216131501.0 | ||
| 008 | 911226s1992 nyu 000 1 eng | ||
| 020 | . | ‡a0446513067 : ‡c$21.95 ($26.95 Can.) | |
| 035 | . | ‡a(OCoLC)26264064 | |
| 082 | 0 | 0. | ‡a813/.54 ‡220 |
| 099 | . | ‡aDeM | |
| 100 | 1 | . | ‡aDeMille, Nelson. ‡0(LARL_NWRL_CONSORTIUM)52557 |
| 245 | 1 | 4. | ‡aThe general's daughter ‡n#1/ ‡cNelson DeMille. |
| 260 | . | ‡aNew York : ‡bWarner Books, ‡cc1992. | |
| 300 | . | ‡a454 p. ; ‡c24 cm. | |
| 490 | 0 | . | ‡aPaul Brenner ; ‡v1 |
| 610 | 1 | 0. | ‡aUnited States. ‡bArmy ‡vFiction. |
| 650 | 0. | ‡aWomen soldiers ‡vFiction. ‡0(LARL_NWRL_CONSORTIUM)168087 | |
| 901 | . | ‡a11129 ‡bOCLC ‡c11129 ‡tbiblio | |

Add to basket
Permalink
Disable Highlighting